K najstarším slovenským abrenunciačným formulám

Podrobná bibliografia
Hlavný autor: Blanár, Vincent, 1920-2012 (Autor)
Médium: Kniha
Jazyk:slovenčina
PhysicalDescription:S. 69-78 25 cm
Vydavateľské údaje: [S. l. s. n. 1963]
Predmet:

MARC

LEADER 00000nam a2200000 a 4500
001 vtls001445151
003 SK-MaSNL
005 20260302002139.0
008 220303s1963 xo r 0 slo
035 |a SNK000400383 
040 |a SNK  |b slo  |c SNK  |e AACR2 
041 0 |a slo 
044 |a xo  |c SK 
072 7 |a 811.162.4  |2 konspekt 
080 |a 811.162.4  |2 1981 
080 |a (0.036.0)  |2 1981 
100 1 |a Blanár, Vincent,  |d 1920-2012  |4 aut  |9 89998 
245 1 |a K najstarším slovenským abrenunciačným formulám  |c Vincent Blanár 
260 |a [S. l.  |b s. n.  |c 1963] 
300 |a S. 69-78  |c 25 cm 
500 |a Odtlačok z: Jazykovedný časopis, roč. XIII, 1963, č. 1 
650 0 7 |a slovenčina  |2 SNK  |9 1350 
650 0 7 |a slovenčina  |2 konspekt  |9 1350 
655 7 |a separáty  |2 SNK  |9 70334 
958 |a OND 
999 |c 986813  |d 988743 
952 |t P60, <03>, [BOOK], {603}  |a SNK  |b SNK  |y PREZ  |7 0  |p 17A0365322  |o snkOSC 21909  |i snkK 868/2002  |0 0  |1 0  |4 0  |d 2002-11-25  |l 0  |r 2005-01-02 00:00:00  |w 2026-02-24